Strzelcy Bramek w Finale LM (2010-2024) - Statystyki

Ogólne statystyki
  • Ten quiz został rozwiązany 202 razy
  • Średni wynik to 29 z 39
Statystyki odpowiedzi
Rok Finał Strzelec % Poprawnych
2014 Real-Atletico 4:1 Cristiano Ronaldo
99%
2017 Real-Juventus 4:1 Cristiano Ronaldo
99%
2017 Real-Juventus 4:1 Cristiano Ronaldo
99%
2011 Barcelona-Man United 3:1 Lionel Messi
98%
2019 Liverpool-Tottenham 2:0 Mohamed Salah
95%
2022 Real-Liverpool 1:0 Vinicius Junior
95%
2024 Real-Dortmund 2:0 Vinicius Junior
95%
2014 Real-Atletico 4:1 Gareth Bale
93%
2018 Real-Liverpool 3:1 Gareth Bale
93%
2018 Real-Liverpool 3:1 Gareth Bale
93%
2018 Real-Liverpool 3:1 Karim Benzema
91%
2015 Barcelona-Juventus 3:1 Neymar
89%
2015 Barcelona-Juventus 3:1 Luis Suarez
83%
2023 Man City-Inter 1:0 Rodri
83%
2018 Real-Liverpool 3:1 Sadio Mane
83%
2013 Bayern-Dortmund 2:1 Arjen Robben
82%
2014 Real-Atletico 4:1 Sergio Ramos
82%
2016 Real-Atletico 1:1 Sergio Ramos
82%
2020 Bayern-PSG 1:0 Kingsley Coman
80%
2024 Real-Dortmund 2:0 Dani Carvajal
79%
2021 Chelsea-Man City 1:0 Kai Havertz
79%
2013 Bayern-Dortmund 2:1 Mario Mandzukic
79%
2017 Real-Juventus 4:1 Mario Mandzukic
79%
2012 Chelsea-Bayern 1:1 Didier Drogba
73%
2012 Chelsea-Bayern 1:1 Thomas Muller
61%
2010 Inter-Bayern 2:0 Diego Milito
60%
2010 Inter-Bayern 2:0 Diego Milito
60%
2011 Barcelona-Man United 3:1 David Villa
58%
2011 Barcelona-Man United 3:1 Wayne Rooney
58%
2014 Real-Atletico 4:1 Marcelo
57%
2015 Barcelona-Juventus 3:1 Ivan Rakitic
55%
2019 Liverpool-Tottenham 2:0 Divock Origi
52%
2014 Real-Atletico 4:1 Diego Godin
51%
2015 Barcelona-Juventus 3:1 Alvaro Morata
50%
2017 Real-Juventus 4:1 Casemiro
50%
2013 Bayern-Dortmund 2:1 Ilkay Gundogan
47%
2017 Real-Juventus 4:1 Marco Asensio
47%
2016 Real-Atletico 1:1 Yannick Carrasco
28%
2011 Barcelona-Man United 3:1 Pedro Rodriguez
18%
Nie znaleziono quizów pasujących do podanych kryteriów
Rozkład punktacji
Procent ludzi z każdym wynikiem
Percentyl według liczby udzielonych odpowiedzi
Twoja historia wyników
Nie rozwiązałeś tego quizu